Normal view
MARC view
- الجليل، علي عبد
Entry Personal Name
001 - CONTROL NUMBER
- control field: 36849
003 - CONTROL NUMBER IDENTIFIER
- control field: JO-AjAnu
005 - DATE AND TIME OF LATEST TRANSACTION
- control field: 20230606080141.0
008 - FIXED-LENGTH DATA ELEMENTS
- fixed length control field: 230606|| aca||aabn | a|a d
040 ## - CATALOGING SOURCE
- Original cataloging agency: JO-AjAnu
- Transcribing agency: JO-AjAnu
100 ## - HEADING--PERSONAL NAME
- Personal name: الجليل، علي عبد
670 ## - SOURCE DATA FOUND
- Source citation: Work cat.: (JO-AjAnu)18914: الجليل، علي عبد, author, فن كتابة القصة القصيرة